000
00322 a2200145 4500
001
166579
020
_a
040
_c
Magnum
100
_a
Sousa, Clarilza Prado de
240
1
0
_a
Avaliacao do rendimento escolar
_l
por
245
1
0
_a
Avaliacao do rendimento escolar
362
0
_a
1899
697
_a
ENSINO
942
_c
BK
999
_c
166579
_d
166579